Sports Quiz

Random Sports or NFL Quiz

Big 4 Matchups You Will Not See Quiz Stats

 Plays Quiz not verified by Sporcle

Also try: Tennis Players
Challenge
Share
Tweet
Embed
Score 0/30 Timer 03:00
0 Plays Today
% Correct
Milwaukee vs. New England
94.8%
Cincinnati vs. New Jersey
93.5%
Cleveland vs. Vancouver
93.5%
Boston vs. Tennessee
93.5%
Seattle vs. Golden State
93.5%
Jacksonville vs. Boston
92.2%
New Jersey vs. Seattle
92.2%
Oakland vs. Orlando
92.2%
Buffalo vs. Milwaukee
90.9%
New Orleans vs. Colorado
90.9%
Pittsburgh vs. Utah
90.9%
Montreal vs. San Francisco
90.9%
Atlanta vs. Montreal
89.6%
Miami vs. Columbus
89.6%
Calgary vs. Denver
89.6%
% Correct
Denver vs. Nashville
88.3%
Indiana vs. Green Bay
88.3%
Baltimore vs. San Antonio
87%
San Francisco vs. Charlotte
87%
Toronto vs. Indianapolis
87%
Kansas City vs. Phoenix
85.7%
Tampa Bay vs. Brooklyn
85.7%
St. Louis vs. New Orleans
85.7%
Memphis vs. Arizona
84.4%
Charlotte vs. Baltimore
81.8%
Arizona vs. Indiana
79.2%
Houston vs. Florida
77.9%
Florida vs. Texas
75.3%
San Diego vs. Carolina
58.4%
Dallas vs. San Diego
55.8%

You're not logged in!

Compare scores with friends on all Sporcle quizzes.
OR
Log In

You Might Also Like...

Show Comments

Extras

Top Quizzes Today


Score Distribution

Your Account Isn't Verified!

In order to create a playlist on Sporcle, you need to verify the email address you used during registration. Go to your Sporcle Settings to finish the process.

Report this User

Report this user for behavior that violates our Community Guidelines.

Details: